| 000 | 02518pam a22003614a 4500 | ||
|---|---|---|---|
| 001 | 6339631 | ||
| 003 | ARRUPE | ||
| 005 | 20140130174433.0 | ||
| 008 | 070709s2007 miu b 001 0 eng | ||
| 010 | _a 2007028245 | ||
| 020 | _a0334041619 | ||
| 020 | _a9780334041610 | ||
| 035 | _a(OCoLC)154685853 | ||
| 035 | _a(OCoLC)ocn154685853 | ||
| 035 | _a(DLC) 2007028245 | ||
| 035 | _a(NNC)6339631 | ||
| 040 |
_aDLC _cDLC _dYDX _dBTCTA _dBAKER _dYDXCP _dOrLoB-B |
||
| 050 | 0 | 0 |
_aBS1550 _b.L661 2008 |
| 100 | 1 |
_aLevering, Matthew, _d1971- _97467 |
|
| 245 | 1 | 0 |
_aEzra & Nehemiah / _cMatthew Levering. |
| 246 | 3 | _aEzra and Nehemiah | |
| 260 |
_aLondon _bSCM Press, _c2008 |
||
| 300 |
_a236 p. ; _c24 cm. |
||
| 490 | 1 | _aSCM theological commentary on the Bible | |
| 504 | _aIncludes bibliographical references (p. 215-216) and indexes. | ||
| 505 | 0 | 0 |
_tThe Book of Ezra -- _tIntroduction to the Book of Ezra -- _gPt. I. _tThe Restoration of the Holy Land, United by the Temple -- _tEzra 1: Return to the Land -- _tEzra 2: Return of the Holy People to the Land -- _tEzra 3: Laying the Foundations of the Temple: Joy and Weeping -- _tEzra 4: Obstacles to Rebuilding the Temple -- _tEzra 5: The Prophets of God and the Completion of the Temple -- _tEzra 6: The Temple and the Passover -- _gPt. II. _tThe Holy People, United by the Torah -- _tEzra 7: The Mission of Ezra the Scribe -- _tEzra 8: The Holy People -- _tEzra 9: The Purification of the People -- _tEzra 10: The Purification of the People Completed -- _tConclusion to the Book of Ezra -- _tThe Book of Nehemiah -- _tIntroduction to the Book of Nehemiah -- _gPt. I. _tThe Holy Land -- _tNehemiah 1: Concerning Jerusalem -- _tNehemiah 2: Rebuilding - First Steps -- _tNehemiah 3: Rebuilding Continued -- _tNehemiah 4: Opposition -- _tNehemiah 5: The Fruits of the Land -- _tNehemiah 6: Triumph and Danger -- _gPt. II. _tThe Holy People -- _tNehemiah 7: Consolidating the Holy People -- _tNehemiah 8: The Torah, Pattern of Holiness -- _tNehemiah 9: Holiness and Repentance -- _tNehemiah 10: Renewal of the Covenant -- _tNehemiah 11: Repopulating Jerusalem -- _tNehemiah 12: The Holy People -- _tNehemiah 13: Final Efforts at the Renewal of the Holy People -- _tConclusion to the Book of Nehemiah. |
| 630 | 0 | 0 |
_aBible OT. _pEzra _vCommentaries. _97468 |
| 630 | 0 | 0 |
_aBible OT. _pNehemiah _vCommentaries. _97469 |
| 830 | 0 |
_aBrazos theological commentary on the Bible. _97470 |
|
| 900 | _bTOC | ||
| 942 |
_2lcc _cMONOGRAPH |
||
| 948 | 1 |
_a20071211 _bc _coc2016 _dMPS |
|
| 999 |
_c119812 _d119812 |
||